|
|
|
|
| LEADER |
00000nbm0a2200000 4500 |
| 001 |
152798 |
| 005 |
20240205155720.0 |
| 029 |
0 |
0 |
|a SU
|b 01860078271
|f ТПУ
|
| 035 |
|
|
|a (RuTPU)RU\TPU\book\165663
|
| 035 |
|
|
|a RU\TPU\book\165252
|
| 090 |
|
|
|a 152798
|
| 100 |
|
|
|a 20090205d1988 k y0rusy50 ca
|
| 101 |
0 |
|
|a rus
|
| 102 |
|
|
|a RU
|
| 105 |
|
|
|a a p 001zy
|
| 200 |
1 |
|
|a Разработка гидрогеохимических критериев поисков полезных ископаемых
|a Определение степени насыщенности растворов соединениями, имеющими поисковое значение, и их равновесности по отношению к вмещающим породам
|e промежуточный отчет о НИР
|e заказ-наряд Том Г-1
|f Томский политехнический институт (ТПИ) ; рук. С. Л. Шварцев, Е. М. Дутова
|
| 210 |
|
|
|a Томск
|d 1988
|
| 215 |
|
|
|a 66 л.
|
| 320 |
|
|
|a Библиогр.: с. 65-66.
|
| 610 |
1 |
|
|a отчеты о НИР
|
| 610 |
1 |
|
|a физико-химическое моделирование
|
| 610 |
1 |
|
|a вмещающие породы
|
| 610 |
1 |
|
|a вторичное минералообразование
|
| 610 |
1 |
|
|a свободные воды
|
| 610 |
1 |
|
|a связанные воды
|
| 610 |
1 |
|
|a насыщенность
|
| 610 |
1 |
|
|a гидрогеохимические критерии
|
| 610 |
1 |
|
|a химические элементы
|
| 610 |
1 |
|
|a растворы
|
| 610 |
1 |
|
|a труды учёных ТПУ
|
| 675 |
|
|
|a 550.845(04)
|v 3
|
| 702 |
|
1 |
|a Шварцев
|b С. Л.
|c российский гидрогеолог, доктор геолого-минералогических наук
|c профессор Томского политехнического университета, академик РАЕН
|f 1936-
|g Степан Львович
|3 (RuTPU)RU\TPU\pers\25914
|4 673
|
| 702 |
|
1 |
|a Дутова
|b Е. М.
|c гидрогеолог
|c профессор Томского политехнического университета, доктор геолого-минералогических наук
|f 1956-
|g Екатерина Матвеевна
|3 (RuTPU)RU\TPU\pers\26078
|4 677
|9 11916
|
| 712 |
0 |
2 |
|a Томский политехнический институт (ТПИ)
|c (1944-1991)
|3 (RuTPU)RU\TPU\col\1123
|4 595
|
| 801 |
|
1 |
|a RU
|b 63413507
|c 20090130
|g PSBO
|
| 801 |
|
2 |
|a RU
|b 63413507
|c 20170405
|g PSBO
|
| 942 |
|
|
|c BK
|